LDR 01198nam a2200277 u 4500 001 000000063815 003 CaOOAMICUS 005 20070226121304.0 008 011107s1992 it u000 u ita u 035 $a10909150 040 $aPUL(R)$bita 100 1 $aStrumìa, Alberto.$0(OLS)http://pul/name/43235 245 10$aIntroduzione alla filosofia delle scienze /$cAlberto Strumia. 260 $aBologna :$bEdizioni Studio Domenicano,$cc1992. 300 $a261 p. ;$c21 cm 490 1 $aCollana "Philosophia" ;$v9 504 $aBibliografia in nota. 650 4$aFilosofia della scienza.$0(OLS)http://pul/subject/5136 830 0$aCollana "Philosophia" ;$v9.$0(OLS)http://pul/title/3104 850 $aPUL 852 $aPUL$W1$xSL Filosofia 1$y2$m81 I 74$j82768$nBK-PRI$qStampati$B82768$CPULBib$Z2$F82768 $82 852 $aPUL$W1$xDP2 Cons. Gen., Altre Classi 3$y97$m501 STRAL 1$j202446$a2 copia$qDDC 21$B207846$CPULBib$Z2$F207846 $H138559 $81 941 1 $a8 961 $aINV: 69459 996 $6245$aIntroduzione alla filosofia delle scienze$9(OLS)http://pul/title/85068 996 $6260$aBologna :$bEdizioni Studio Domenicano$9(OLS)http://pul/publisher/49136